| 000 | 00626nam a2200193 a 4500 | ||
|---|---|---|---|
| 001 | 000012320 | ||
| 005 | 20240530073913.0 | ||
| 008 | 091111s1971 dr 000 f spa d | ||
| 040 |
_aDO-SdBNP _bspa _cBNPHU |
||
| 082 |
_aRD863.44 _bF363s |
||
| 100 | 1 |
_aFernández Ormaechea, Antonio _928988 |
|
| 245 | 1 | 3 |
_aEl secreto de Don Fernando / _cAntonio Fernández Ormaechea. |
| 260 |
_aSanto Domingo : _bLibrería Dominicana, _c1971. |
||
| 300 |
_a261 p. ; _c21 cm. |
||
| 590 | _aInventariado, 2020/BT | ||
| 650 | 0 |
_aNovela dominicana _9223 |
|
| 650 | 0 |
_aLiteratura dominicana. _967 |
|
| 910 | _aValidado. Control de calidad. MMOLINA | ||
| 999 |
_c11977 _d11977 |
||